Statistics for World's Top 50 Airlines 2019

Click here to take the quiz!

General Stats

  • This quiz has been taken 182 times
  • The average score is 29 of 50

Answer Stats

RankAnswer% Correct
5Emirates
94%
19British Airways
92%
9Lufthansa
91%
41Delta Airlines
88%
18KLM
88%
8Qantas
88%
23Air France
86%
2Singapore Airlines
82%
29Etihad Airways
79%
1Qatar Airways
78%
26Iberia
76%
31Air Canada
75%
27Turkish Airlines
74%
22Aeroflot
72%
3All Nippon Airways
68%
4Cathay Pacific
68%
16Air New Zealand
67%
35Korean Air
65%
13Swiss Airlines
65%
10Thai Airways
65%
14China Southern
63%
47Southwest Airlines
62%
12Garuda Indonesia
59%
49LATAM
58%
21Virgin Atlantic
58%
34China Airlines
57%
32Finnair
57%
38Aer Lingus
55%
15Austrian Airlines
55%
40jetBlue Airways
54%
28Asiana Airlines
52%
39Norwegian
51%
37EasyJet
50%
6EVA Air
49%
42Aegean Airlines
47%
44Ethiopian Airlines
47%
36Malaysia Airlines
47%
20AirAsia
43%
25Virgin Australia
43%
43Oman Air
42%
46South African Airways
42%
30Philippine Airlines
37%
11Japan Airways
34%
45Fiji Airways
28%
7Hainan Airways
28%
24Hong Kong Airlines
27%
33Cathay Dragon
26%
17Bangkok Airways
25%
48AirAsia X
23%
50Azul Airlines
22%

Score Distribution

Percentile by Number Answered

Percent of People with Each Score

Your Score History

You have not taken this quiz